Geschichte Roms ... (Record no. 23605)
[ view plain ]
| 000 -LEADER | |
|---|---|
| fixed length control field | 00788cam a22002291 4500 |
| 001 - CONTROL NUMBER | |
| control field | g 01000959 |
| 003 - CONTROL NUMBER IDENTIFIER | |
| control field | DLC |
| 005 - DATE AND TIME OF LATEST TRANSACTION | |
| control field | 20260227111253.0 |
| 008 - FIXED-LENGTH DATA ELEMENTS--GENERAL INFORMATION | |
| fixed length control field | 831025s1881 gw 000 0 ger |
| 010 ## - LIBRARY OF CONGRESS CONTROL NUMBER | |
| LC control number | g 01000959 |
| 035 ## - SYSTEM CONTROL NUMBER | |
| System control number | (OCoLC)10051953 |
| 040 ## - CATALOGING SOURCE | |
| Original cataloging agency | DLC |
| Transcribing agency | OCU |
| Modifying agency | OCU |
| -- | DLC |
| 042 ## - AUTHENTICATION CODE | |
| Authentication code | premarc |
| 050 00 - LIBRARY OF CONGRESS CALL NUMBER | |
| Classification number | DG209 |
| Item number | .P47 |
| 100 1# - MAIN ENTRY--PERSONAL NAME | |
| Personal name | Peter, Carl Ludwig, |
| Dates associated with a name | 1808-1893. |
| 245 10 - TITLE STATEMENT | |
| Title | Geschichte Roms ... |
| Statement of responsibility, etc. | von Carl Peter ... |
| 250 ## - EDITION STATEMENT | |
| Edition statement | 4., verb. Aufl. |
| 260 ## - PUBLICATION, DISTRIBUTION, ETC. | |
| Place of publication, distribution, etc. | Halle a.S., |
| Name of publisher, distributor, etc. | Verlag der Buchhandlung des Waisenhauses, |
| Date of publication, distribution, etc. | 1881. |
| 300 ## - PHYSICAL DESCRIPTION | |
| Extent | 3 v. |
| Dimensions | 23 cm. |
| 505 0# - FORMATTED CONTENTS NOTE | |
| Formatted contents note | 1. Bd. Von den ältesten Zeiten bis auf die Gracchen.--2. Bd. Von den Gracchen bis zum Untergange der Republik.--3. Bd. Die Geschichte der Kaiser bis zum Tode Marc Aurels. |
| 651 #0 - SUBJECT ADDED ENTRY--GEOGRAPHIC NAME | |
| Geographic name | Rome |
| General subdivision | History. |
No items available.